[Event "Béthune Op A"]
[Site "Bethune"]
[Date "2009.12.27"]
[Round "3.2"]
[White "Shirazi, Kamran"]
[Black "Novikov, Stanislav"]
[Result "1-0"]
[WhiteElo "2433"]
[BlackElo "2562"]
[PlyCount "48"]
[EventDate "2009.12.30"]
[EventType "swiss"]
[EventRounds "9"]
[EventCountry "FRA"]
[WhiteTeamCountry "FRA"]
[BlackTeamCountry "FRA"]

1. e4 c5 2. Nf3 e6 3. b3 Nc6 4. Bb2 d6 5. d4 cxd4 6. Nxd4 Nf6 7. Nxc6 bxc6 8.
e5 Ne4 9. exd6 Qa5+ 10. Nd2 Bxd6 11. Bd3 Nxd2 12. Qxd2 Bb4 13. c3 Be7 14. O-O
O-O 15. Be4 Qc7 16. c4 f5 17. Bc2 e5 18. f3 Bd7 19. Rae1 Bf6 20. Re2 Rfe8 21.
Bc3 g6 22. Rfe1 Re6 23. Ba5 Qb7 24. Rd1 Be8 1-0

[Event "Béthune Op A"]
[Site "Bethune"]
[Date "2009.12.27"]
[Round "3.13"]
[White "Ringoir, Tanguy"]
[Black "Friess, Nicolas"]
[Result "0-1"]
[WhiteElo "2396"]
[BlackElo "2212"]
[PlyCount "92"]
[EventDate "2009.12.30"]
[EventType "swiss"]
[EventRounds "9"]
[EventCountry "FRA"]
[WhiteTeamCountry "FRA"]
[BlackTeamCountry "FRA"]

1. e4 e6 2. d4 d5 3. Nd2 Be7 4. Bd3 c5 5. dxc5 Nf6 6. Qe2 O-O 7. Ngf3 a5 8. O-O
Na6 9. e5 Nd7 10. c3 Naxc5 11. Bc2 f6 12. b4 axb4 13. cxb4 Na6 14. exf6 Nxf6
15. b5 Nc5 16. Bb2 Bd7 17. Bd4 Qe8 18. a4 Kh8 19. Ne5 Bd6 20. Ra3 Bxb5 21. Nd3
Nxd3 22. Bxd3 Bxa3 23. Bxb5 Qe7 24. Nf3 Ne4 25. Ne5 Bc5 26. Bxc5 Nxc5 27. Qg4
Rf5 28. Re1 Ne4 29. Nd3 Raf8 30. f3 Qf6 31. Kh1 Qc3 32. Kg1 Qd4+ 33. Kh1 R5f6
34. Qh4 Rh6 35. Qg4 Rg6 36. Qh4 Ng3+ 37. hxg3 Rh6 38. Qxh6 gxh6 39. Rxe6 Rc8
40. Rxh6 Rc3 41. Rh4 Qe3 42. Nf4 d4 43. Kh2 Ra3 44. Rg4 Ra1 45. Rh4 Rd1 46. Bc4
Qc1 0-1

[Event "Béthune Op A"]
[Site "Bethune"]
[Date "2009.12.27"]
[Round "4.27"]
[White "Smailovic, Omer"]
[Black "Ringoir, Tanguy"]
[Result "0-1"]
[WhiteElo "2099"]
[BlackElo "2396"]
[PlyCount "50"]
[EventDate "2009.12.30"]
[EventType "swiss"]
[EventRounds "9"]
[EventCountry "FRA"]
[WhiteTeamCountry "FRA"]
[BlackTeamCountry "FRA"]

1. c4 c5 2. Nc3 Nc6 3. g3 g6 4. Bg2 Bg7 5. e3 e5 6. Nge2 Nge7 7. O-O O-O 8. b3
d6 9. h3 Be6 10. Kh2 Qd7 11. Ba3 Rad8 12. Ne4 Qc7 13. f4 Qa5 14. fxe5 Qxa3 15.
exd6 Nf5 16. N2c3 Qa5 17. Nd5 Bxd5 18. cxd5 Nb4 19. a3 Nxd5 20. Ng5 Rxd6 21.
Qc2 Ndxe3 22. dxe3 Nxe3 23. Qe4 Qd2 24. Qf3 Nxf1+ 25. Rxf1 Qxg5 0-1

[Event "Béthune Op A"]
[Site "Bethune"]
[Date "2009.12.28"]
[Round "5.17"]
[White "Ringoir, Tanguy"]
[Black "Delabaca, Romuald"]
[Result "1-0"]
[WhiteElo "2396"]
[BlackElo "2212"]
[PlyCount "65"]
[EventDate "2009.12.30"]
[EventType "swiss"]
[EventRounds "9"]
[EventCountry "FRA"]
[WhiteTeamCountry "FRA"]
[BlackTeamCountry "FRA"]

1. e4 e5 2. Nf3 Nc6 3. Bb5 a6 4. Ba4 Nf6 5. Qe2 b5 6. Bb3 Be7 7. O-O O-O 8. c3
d6 9. Rd1 Na5 10. Bc2 c5 11. d4 cxd4 12. cxd4 Qc7 13. Bg5 Bg4 14. dxe5 dxe5 15.
Bxf6 Bxf6 16. Nc3 Bxf3 17. gxf3 Rac8 18. Bb3 Nc6 19. Nd5 Qd6 20. Kh1 Nd4 21.
Rxd4 exd4 22. f4 Bd8 23. Rg1 Rc6 24. Qd3 Qc5 25. f5 a5 26. Qg3 g6 27. a4 b4 28.
e5 d3 29. e6 d2 30. fxg6 hxg6 31. exf7+ Rxf7 32. Ne3 Bc7 33. Qf3 1-0

[Event "Béthune Op A"]
[Site "Bethune"]
[Date "2009.12.28"]
[Round "6.12"]
[White "Massoni, Michael"]
[Black "Ringoir, Tanguy"]
[Result "0-1"]
[WhiteElo "2272"]
[BlackElo "2396"]
[PlyCount "132"]
[EventDate "2009.12.30"]
[EventType "swiss"]
[EventRounds "9"]
[EventCountry "FRA"]
[WhiteTeamCountry "FRA"]
[BlackTeamCountry "FRA"]

1. e4 c6 2. d4 d5 3. Nc3 dxe4 4. Nxe4 Bf5 5. Ng3 Bg6 6. Nf3 Nd7 7. Bd3 e6 8.
O-O Ngf6 9. Re1 Bxd3 10. Qxd3 Be7 11. c4 O-O 12. Bf4 a5 13. Qb3 Qb6 14. c5 Qxb3
15. axb3 b6 16. cxb6 Nxb6 17. Ne5 Rfc8 18. Bd2 c5 19. Bxa5 Nbd5 20. Ne2 Rab8
21. dxc5 Bxc5 22. Rec1 Rxb3 23. Nd4 Rbb8 24. Ndc6 Rb5 25. Na7 Bxf2+ 26. Kxf2
Rxb2+ 27. Kg1 Rxc1+ 28. Rxc1 h6 29. Nd3 Ra2 30. Nc6 Ra3 31. Nf2 Nf4 32. Re1
N6d5 33. Bd2 Ng6 34. Nb4 Nb6 35. Nbd3 Nc4 36. Bb4 Ra2 37. g3 h5 38. h4 Nb6 39.
Bc5 Nd7 40. Bd4 Ne7 41. Ne4 Nf5 42. Bc3 Ra3 43. Rc1 Nb6 44. Nf4 Ra4 45. Re1
Nxg3 46. Nxg3 Rxf4 47. Re4 Rxe4 48. Nxe4 Nd5 49. Bb2 f6 50. Kf2 Kf7 51. Kf3 e5
52. Nd6+ Ke6 53. Nc4 Ne7 54. Ne3 Nf5 55. Nxf5 Kxf5 56. Kg3 Ke4 57. Bc1 f5 58.
Bg5 f4+ 59. Kf2 Kf5 60. Bd8 e4 61. Bg5 Kg4 62. Bd8 g6 63. Be7 e3+ 64. Ke2 f3+
65. Kxe3 Kg3 66. Bc5 Kg2 0-1

[Event "Béthune Op A"]
[Site "Bethune"]
[Date "2009.12.29"]
[Round "7.3"]
[White "Ringoir, Tanguy"]
[Black "Gharamian, Tigran"]
[Result "1/2-1/2"]
[WhiteElo "2396"]
[BlackElo "2614"]
[PlyCount "128"]
[EventDate "2009.12.30"]
[EventType "swiss"]
[EventRounds "9"]
[EventCountry "FRA"]
[WhiteTeamCountry "FRA"]
[BlackTeamCountry "FRA"]

1. e4 g6 2. d4 Bg7 3. c3 d6 4. Nf3 Nf6 5. Bd3 O-O 6. O-O Nc6 7. h3 e5 8. Re1
Bd7 9. Bg5 h6 10. Be3 Nh5 11. Qd2 g5 12. Na3 a6 13. dxe5 dxe5 14. Rad1 Qf6 15.
Bxa6 Rad8 16. Be2 Bxh3 17. Qc2 Bc8 18. Rxd8 Rxd8 19. Nxg5 Qg6 20. Nf3 Bf6 21.
Rd1 Re8 22. Nb5 Bd8 23. Ne1 Kh7 24. Bf3 Rg8 25. Qe2 Nf6 26. Bc1 Ng4 27. Rd3 Qh5
28. Bxg4 Bxg4 29. Qc2 Be6 30. Rg3 Rxg3 31. fxg3 Nb8 32. Be3 Nd7 33. Qd3 Qg4 34.
Bf2 Bxa2 35. c4 Qe6 36. b3 c6 37. Nd6 b5 38. cxb5 cxb5 39. Nxb5 Bxb3 40. Nd6
Nf6 41. Nf3 Ng4 42. Bc5 Be7 43. Nh4 Bxd6 44. Bxd6 Bc2 45. Qd5 Qxd5 46. exd5 Be4
47. Nf3 f6 48. Be7 Kg6 49. d6 Kf7 50. Nh2 Ne3 51. Kf2 Nd5 52. Bd8 Bf5 53. g4
Be6 54. Ba5 Ke8 55. Bd2 Kd7 56. Bxh6 Kxd6 57. Nf1 Nc3 58. Ne3 Ne4+ 59. Kf3 Nd2+
60. Ke2 Ne4 61. Kf3 Nd2+ 62. Ke2 Nb3 63. Bg7 Ke7 64. g5 fxg5 1/2-1/2

[Event "Béthune Op A"]
[Site "Bethune"]
[Date "2009.12.29"]
[Round "8.8"]
[White "Doncea, Vladimir"]
[Black "Ringoir, Tanguy"]
[Result "0-1"]
[WhiteElo "2493"]
[BlackElo "2396"]
[PlyCount "72"]
[EventDate "2009.12.30"]
[EventType "swiss"]
[EventRounds "9"]
[EventCountry "FRA"]
[WhiteTeamCountry "FRA"]
[BlackTeamCountry "FRA"]

1. c4 c5 2. Nc3 Nc6 3. g3 g6 4. Bg2 Bg7 5. Nf3 e5 6. O-O Nge7 7. a3 O-O 8. b4
d5 9. cxd5 Nxd5 10. e4 Nc7 11. bxc5 Na6 12. Na4 Qe7 13. Qc2 Bg4 14. Bb2 Rfd8
15. Rab1 Bf8 16. Nxe5 Nxe5 17. f3 Bd7 18. d4 Bxa4 19. Qxa4 Nxc5 20. Qb5 Ncd3
21. Ba1 a6 22. Qb3 Qxa3 23. Qxa3 Bxa3 24. Rfd1 Nc1 25. f4 Ng4 26. Rd2 b5 27. e5
Rab8 28. Bf3 Ne3 29. d5 a5 30. d6 a4 31. Bd4 Nc4 32. Rg2 Nb3 33. Ba7 Bc5+ 34.
Bxc5 Nxc5 35. Ra1 Nb3 36. Rd1 Ne3 0-1